| 000 | 00453cam a2200181ua 4500 | ||
|---|---|---|---|
| 020 | _cRs 0.75 | ||
| 041 |
_amal _h |
||
| 082 |
_a894.812 1 _bSRE/JA |
||
| 100 | _aSreedharan, Mannarghat . | ||
| 245 |
_aJayililekku / _cMannarghat Sreedharan. _hTextual Documents |
||
| 260 |
_aThrissur : _bCurrent Books , _c1957. |
||
| 300 | _a59 ; . | ||
| 365 | _aRs 0.75 | ||
| 504 | _a | ||
| 650 | _aPoems - Malayalam | ||
| 942 | _cBK | ||
| 999 |
_c589 _d589 |
||